Hối đoái = Foreign exchange
Nội dung sách nhằm cung cấp cho bạn đọc một kiến thức tổng quát nhưng rất chi tiết và cụ thể về kỹ thuật nghiệp vụ về tất cả các loại hình giao dịch hối đoái.
Na minha lista:
| Autor principal: | |
|---|---|
| Formato: | Livro |
| Idioma: | Vietnamese |
| Publicado em: |
H.
Thống kê
1999
|
| Assuntos: | |
| Tags: |
Adicionar Tag
Sem tags, seja o primeiro a adicionar uma tag!
|
| Thư viện lưu trữ: | Thư viện Trường Đại học Nam Cần Thơ |
|---|
| LEADER | 00957nam a22001937a 4500 | ||
|---|---|---|---|
| 001 | NCT_4_011942 | ||
| 008 | 240819b xxu||||| |||| 00| 0 vie d | ||
| 999 | |c 8559 |d 8559 | ||
| 020 | |c 20000 | ||
| 082 | 0 | 4 | |2 23rd ed. |a 332.45 |b Th523 |
| 100 | 1 | |a Nguyễn Trọng Thùy | |
| 245 | 1 | 0 | |a Hối đoái = |b Foreign exchange |c Nguyễn Trọng Thùy |
| 260 | |a H. |b Thống kê |c 1999 | ||
| 300 | |a 219 tr. |c 21cm | ||
| 520 | 3 | |a Nội dung sách nhằm cung cấp cho bạn đọc một kiến thức tổng quát nhưng rất chi tiết và cụ thể về kỹ thuật nghiệp vụ về tất cả các loại hình giao dịch hối đoái. | |
| 653 | |a Tài chính - Ngân hàng | ||
| 942 | |2 ddc |c BK | ||
| 952 | |0 0 |1 0 |2 ddc |4 0 |6 332_450000000000000_TH523 |7 0 |9 29291 |a 000001 |b 000001 |d 2024-08-19 |o 332.45 Th523 |p MD.22638 |r 2024-08-19 |v 20000.00 |w 2024-08-19 |y BK | ||
| 980 | |a Thư viện Trường Đại học Nam Cần Thơ | ||